| 000 | 01378nam0a2200349 4500 | ||
|---|---|---|---|
| 001 | RU\NLR\bibl\1785846 | ||
| 005 | 20250616140701.0 | ||
| 010 |
_a978-5-91543-045-6 _91000 |
||
| 021 |
_aRU _b2011-42341 _93005 |
||
| 035 | _a(nilc)RSL-KNO-004954770 | ||
| 035 | _a(NLR Aleph) 001776571 | ||
| 090 |
_a1670977 _c1670977 |
||
| 100 | _a20110614d2011 |||y0rusy50 ca | ||
| 101 | 0 | _arus | |
| 102 | _aRU | ||
| 105 | _ay ||||||||| | ||
| 200 | 1 |
_aРазвитие педагогики на Западе в XX столетии _fГ. Б. Корнетов _gМ-во образования Московской обл., Акад. социального упр., Каф. педагогики |
|
| 210 |
_aМосква _cАСОУ _d2011 |
||
| 215 |
_a143, [1] с. _d20 |
||
| 225 | 1 |
_aСерия Историко-педагогическое знание _vвып. 37 |
|
| 320 | _aБиблиогр. в подстроч. примеч. | ||
| 606 | 1 |
_aПедагогика _xИстория _yЗарубежные страны _z20 в. _92089020 _3RU\NLR\auth\661568168 |
|
| 686 |
_aЧ33(0)6-2,0 _2rubbk |
||
| 686 | _aЧ33(4/8) | ||
| 700 | 1 |
_aКорнетов _bГ. Б. _gГригорий Борисович _4070 |
|
| 801 | 0 |
_aRU _bRuMoRKP _c20110614 _grcr |
|
| 801 | 1 |
_aRU _bРГБ _c20110614 |
|
| 801 | 2 |
_aRU _bNLR _c20110706 _grcr |
|
| 942 | _cBOOK | ||
| 980 | _aNB | ||
| 980 | _aNBR | ||